Zorným úhlem filosofa : Vybrané články a přednášky z let 1992-2002

Enregistré dans:
Détails bibliographiques
Auteur principal: Kohák, Erazim (Auteur)
Autres auteurs: Skýbová, Marie (Compilateur)
Format: Livre
Langue:tchèque
Publié: Rychnov nad Kněžnou : JEŽEK, 2004
Édition:1.vyd.
Tags: Ajouter un tag
Pas de tags, Soyez le premier à ajouter un tag!

MARC

LEADER 00000nam a22000003a 4500
001 stu102453
005 20150617225826.7
008 060110s2004----xr------------------cze-d
020 |a 80-85996-38-3 
040 |a STU  |b slo 
041 0 |a cze 
044 |a xr 
080 |a 101.9 
100 1 |a Kohák, Erazim  |4 aut 
245 1 |a Zorným úhlem filosofa :  |b Vybrané články a přednášky z let 1992-2002 
250 |a 1.vyd. 
260 |a Rychnov nad Kněžnou :  |b JEŽEK,  |c 2004 
300 |a 312 s 
700 1 |a Skýbová, Marie  |4 com 
996 |c V*49036/O-21590  |l VV21  |s P  |a 0  |w stu102453_0001